Current controversies in the anxiety disorders / (Record no. 3624)
[ view plain ]
| 000 -LEADER | |
|---|---|
| fixed length control field | 00952pam a2200241 a 4500 |
| 001 - CONTROL NUMBER | |
| control field | 671767 |
| 005 - DATE AND TIME OF LATEST TRANSACTION | |
| control field | 20250207210218.0 |
| 008 - FIXED-LENGTH DATA ELEMENTS--GENERAL INFORMATION | |
| fixed length control field | 950718s1995 nyua b 001 0 eng c |
| 020 ## - INTERNATIONAL STANDARD BOOK NUMBER | |
| International Standard Book Number | 9781572300231 |
| 050 00 - LIBRARY OF CONGRESS CALL NUMBER | |
| Classification number | RC531 |
| Item number | .C87 1995 |
| 082 00 - DEWEY DECIMAL CLASSIFICATION NUMBER | |
| Classification number | 616.85/223 |
| Edition information | 20 |
| 245 00 - TITLE STATEMENT | |
| Title | Current controversies in the anxiety disorders / |
| Statement of responsibility, etc. | edited by Ronald M. Rapee. |
| 260 ## - PUBLICATION, DISTRIBUTION, ETC. | |
| Place of publication, distribution, etc. | New York : |
| Name of publisher, distributor, etc. | Guilford Press, |
| Date of publication, distribution, etc. | 1996 |
| 300 ## - PHYSICAL DESCRIPTION | |
| Extent | xi, 388 p. : |
| Other physical details | ill. ; |
| Dimensions | 24 cm. |
| 650 #0 - SUBJECT ADDED ENTRY--TOPICAL TERM | |
| Topical term or geographic name entry element | Anxiety. |
| 650 12 - SUBJECT ADDED ENTRY--TOPICAL TERM | |
| Topical term or geographic name entry element | Anxiety Disorders. |
| 700 1# - ADDED ENTRY--PERSONAL NAME | |
| Personal name | Rapee, Ronald M. |
| 856 42 - ELECTRONIC LOCATION AND ACCESS | |
| Materials specified | Contributor biographical information |
| Uniform Resource Identifier | <a href="http://www.loc.gov/catdir/bios/guilford051/95024718.html">http://www.loc.gov/catdir/bios/guilford051/95024718.html</a> |
| 856 42 - ELECTRONIC LOCATION AND ACCESS | |
| Materials specified | Publisher description |
| Uniform Resource Identifier | <a href="http://www.loc.gov/catdir/description/guilford051/95024718.html">http://www.loc.gov/catdir/description/guilford051/95024718.html</a> |
| 856 41 - ELECTRONIC LOCATION AND ACCESS | |
| Materials specified | Table of contents |
| Uniform Resource Identifier | <a href="http://www.loc.gov/catdir/toc/guilford041/95024718.html">http://www.loc.gov/catdir/toc/guilford041/95024718.html</a> |
| 856 41 - ELECTRONIC LOCATION AND ACCESS | |
| Materials specified | Sample text |
| Uniform Resource Identifier | <a href="http://www.loc.gov/catdir/enhancements/fy0651/95024718-s.html">http://www.loc.gov/catdir/enhancements/fy0651/95024718-s.html</a> |
| 942 ## - ADDED ENTRY ELEMENTS (KOHA) | |
| Source of classification or shelving scheme | Library of Congress Classification |
| Koha item type | Books |
| Suppress in OPAC | No |
| 999 ## - | |
| -- | 3624 |
| -- | 3624 |
| Withdrawn status | Lost status | Source of classification or shelving scheme | Damaged status | Not for loan | Collection | Home library | Current library | Shelving location | Date acquired | Total checkouts | Full call number | Barcode | Date last seen | Copy number | Price effective from | Koha item type |
|---|---|---|---|---|---|---|---|---|---|---|---|---|---|---|---|---|
| Library of Congress Classification | Non-fiction | Science Library (Miotso) | Science Library (Miotso) | General stacks | 02/07/2025 | RC531 .C87 CUR | SLM00003124 | 02/07/2025 | 1 | 02/07/2025 | Books | |||||
| Library of Congress Classification | Non-fiction | Science Library (Miotso) | Science Library (Miotso) | General stacks | 02/07/2025 | RC531 .C87 CUR | SLM00003125 | 02/07/2025 | 2 | 02/07/2025 | Books | |||||
| Library of Congress Classification | Non-fiction | Science Library (Miotso) | Science Library (Miotso) | General stacks | 02/07/2025 | RC531 .C87 CUR | SLM00003126 | 02/07/2025 | 3 | 02/07/2025 | Books |